Estudio de factibilidad para la creación de una unidad de servicios para el desarrollo de sistemas android en la Facultad de Electrónica y Computación de la Universidad Nacional de Ingeniería

Presenta un estudio de factibilidad para la creación de una unidad de servicios para el desarrollo de sistemas Android en la Facultad de Electrónica y Computación de la Universidad Nacional de Ingeniería en el cual se realizó un estudio de mercado para determinar la demanda del servicio y el di...

Full description

Bibliographic Details
Main Authors: Jiménez Guadamúz, Sergio Jesús, García Ortiz, Marlon de Jesús
Other Authors: Tutor: Dalla-Torre Parrales, Cedrick Elksnher
Format: Tesis Section = Libro
Language:Undetermined
Spanish
Published: Managua UNI 2014
Subjects:
LEADER 01565nam a2200277Ia 4500
008 240830s9999 xx 000 0 und d
040 |a BIBLIOTECA-RUSB/ Mon 005.42 J61 
041 |a spa 
082 |a Mon 005.42 J61 
100 1 |a Jiménez Guadamúz, Sergio Jesús 
100 1 |b García Ortiz, Marlon de Jesús 
245 1 0 |a Estudio de factibilidad para la creación de una unidad de servicios para el desarrollo de sistemas android en la Facultad de Electrónica y Computación de la Universidad Nacional de Ingeniería 
260 |a Managua  |b UNI  |c 2014 
300 |a 60 p. :il. 
500 |a Contiene: anexos e incluye: CD. 
502 |a Tesis (Ingeniero en Telecomunicaciones) - UNI, 2014. 
520 3 |a Presenta un estudio de factibilidad para la creación de una unidad de servicios para el desarrollo de sistemas Android en la Facultad de Electrónica y Computación de la Universidad Nacional de Ingeniería en el cual se realizó un estudio de mercado para determinar la demanda del servicio y el diseño de la aplicación Android, así como un estudio económico para la determinación de la inversión y estudio técnico con el objetivo de determinar el equipamiento e infraestructura que se requiere. 
650 7 |a ANDROID-SISTEMA PARA MOVILES 
650 7 |b  SISTEMAS OPERATIVOS-COMPUTADOR 
650 7 |c  TELEFONIA CELULAR 
650 7 |d  SISTEMAS VIRTUALES DE COMPUTADORES 
650 7 |e  SISTEMAS OPERATIVOS ANDROID 
700 1 |a Tutor:  |b Dalla-Torre Parrales, Cedrick Elksnher 
942 |c BK  |2 ddc 
991 |a TESIS 
999 |c 19738